Man and the computer : Technology as an agent of social change

保存先:
書誌詳細
第一著者: Diebold, John
フォーマット: 図書
言語:Undetermined
出版事項: New York F. A. Praeger 1969
主題:
タグ: タグ追加
タグなし, このレコードへの初めてのタグを付けませんか!
Thư viện lưu trữ: Trung tâm Học liệu Trường Đại học Cần Thơ
LEADER 00576nam a2200205Ia 4500
001 CTU_84076
008 210402s9999 xx 000 0 und d
082 |a 301.2 
082 |b D559 
100 |a Diebold, John 
245 0 |a Man and the computer : 
245 0 |b Technology as an agent of social change 
245 0 |c John Diebold 
260 |a New York 
260 |b F. A. Praeger 
260 |c 1969 
650 |a Automation,Technology and civilization 
650 |x Economic aspects 
904 |i QHieu(sửa) 
980 |a Trung tâm Học liệu Trường Đại học Cần Thơ